<?xml version="1.0" encoding="UTF-8"?>
<record
    xmlns:xsi="http://www.w3.org/2001/XMLSchema-instance"
    xsi:schemaLocation="http://www.loc.gov/MARC21/slim http://www.loc.gov/standards/marcxml/schema/MARC21slim.xsd"
    xmlns="http://www.loc.gov/MARC21/slim">

  <leader>00673nam a22001817a 4500</leader>
  <controlfield tag="003">LK-CoDNM</controlfield>
  <controlfield tag="005">20241112105555.0</controlfield>
  <controlfield tag="008">241111b        |||||||| |||| 00| 0 eng </controlfield>
  <datafield tag="040" ind1=" " ind2=" ">
    <subfield code="a">LK-CoDNM</subfield>
    <subfield code="d">LK-CoDNM</subfield>
    <subfield code="e">LK-CoDNM</subfield>
  </datafield>
  <datafield tag="041" ind1=" " ind2=" ">
    <subfield code="a">sin</subfield>
  </datafield>
  <datafield tag="080" ind1=" " ind2=" ">
    <subfield code="a">&#xDB4;&#xDCA;&#x200D;&#xDBB;.&#xDC3; </subfield>
    <subfield code="b">72.1</subfield>
  </datafield>
  <datafield tag="245" ind1=" " ind2=" ">
    <subfield code="a">&#xDC3;&#xDCF;&#xDBB;&#xDCF;&#xDBB;&#xDCA;&#xDAE; &#xDB4;&#xDCA;&#x200D;&#xDBB;&#xDAF;&#xDD3;&#xDB4;&#xDD2;&#xD9A;&#xDCF;&#xDC0; 1863  &#xDAF;&#xDD9;&#xDC3;&#xDD0;&#xDB8;&#xDCA;&#xDB6;&#xDBB;&#xDCA; </subfield>
    <subfield code="b">  1 &#xD9A;&#xDCF;&#xDAB;&#xDCA;&#xDA9;&#xDBA;                                                               </subfield>
  </datafield>
  <datafield tag="260" ind1=" " ind2=" ">
    <subfield code="c">1863</subfield>
  </datafield>
  <datafield tag="300" ind1=" " ind2=" ">
    <subfield code="a">98p. :  21  cm</subfield>
  </datafield>
  <datafield tag="650" ind1=" " ind2=" ">
    <subfield code="a">&#xDB4;&#xDCA;&#x200D;&#xDBB;.&#xDC3;72.1</subfield>
  </datafield>
  <datafield tag="650" ind1=" " ind2=" ">
    <subfield code="a">&#xDC3;&#xDCF;&#xDBB;&#xDCF;&#xDBB;&#xDCA;&#xDAE; &#xDB4;&#xDCA;&#x200D;&#xDBB;&#xDAF;&#xDD3;&#xDB4;&#xDD2;&#xD9A;&#xDCF;&#xDC0; 1863  &#xDAF;&#xDD9;&#xDC3;&#xDD0;&#xDB8;&#xDCA;&#xDB6;&#xDBB;&#xDCA; </subfield>
  </datafield>
  <datafield tag="942" ind1=" " ind2=" ">
    <subfield code="c">BK</subfield>
  </datafield>
  <datafield tag="952" ind1=" " ind2=" ">
    <subfield code="0">0</subfield>
    <subfield code="1">0</subfield>
    <subfield code="4">1</subfield>
    <subfield code="7">0</subfield>
    <subfield code="8">OBC</subfield>
    <subfield code="a">MAIN</subfield>
    <subfield code="b">MAIN</subfield>
    <subfield code="c">REF</subfield>
    <subfield code="d">2024-11-12</subfield>
    <subfield code="l">0</subfield>
    <subfield code="o">&#xDB4;&#xDCA;&#x200D;&#xDBB;.&#xDC3;  72.1</subfield>
    <subfield code="p">OJP5093-1</subfield>
    <subfield code="r">2024-11-12</subfield>
    <subfield code="w">2024-11-12</subfield>
    <subfield code="y">BK</subfield>
  </datafield>
  <datafield tag="999" ind1=" " ind2=" ">
    <subfield code="c">229163</subfield>
    <subfield code="d">229163</subfield>
  </datafield>
</record>
